| 000 | 00983cab a2200241 4500 | ||
|---|---|---|---|
| 001 | WB3225-08 | ||
| 008 | 090401t1996 xxu||||| |||| 00| 0 eng d | ||
| 035 | _a(Sirsi) u39950 | ||
| 041 | _aeng | ||
| 245 | _aHandbook promotes understanding | ||
| 260 | _c1996 | ||
| 350 | _a0 | ||
| 490 |
_aRICS Press Release _v(PR81.comm) 20 June 1996, (2) |
||
| 520 | _aRICS guide, "Lending on business property and development land: the appraisal and valuation service", aims to create a clearer understanding between surveyors and banking staff. It covers best practice as embodied in the Red Book and how to get best service from the valuer. | ||
| 650 | _aBANKERS | ||
| 650 | _aCOMMERCIAL LENDERS | ||
| 650 | _aPROPERTY-COMMERCIAL PROPERTY-COMMERCIAL PROPERTY APPRAISAL AND VALUATION | ||
| 650 | _aRICS APPRAISAL AND VALUATION MANUAL | ||
| 650 | _aVALUERS | ||
| 690 | _aPROPERTY-COMMERCIAL PROPERTY-COMMERCIAL PROPERTY APPRAISAL AND VALUATION | ||
| 942 | _n0 | ||
| 948 | _c04/03/1997 | ||
| 999 |
_c25576 _d25576 |
||